Statystyki dla TOP 15 filmów według Filmweb

Kliknij tutaj aby rozwiązać quiz!

Ogólne statystyki

  • Ten quiz został rozwiązany 214 razy
  • Średni wynik to 7 z 15

Statystyki odpowiedzi

HintOdpowiedź% Poprawnych
1. Ocena 8,75 Rok 1994 USASkazani na Shawshank
79%
4. Ocena 8,59 Rok 1972 USAOjciec Chrzestny
71%
3. Ocena 8,61 Rok 1999 USAZielona mila
67%
2. Ocena 8,64 Rok 2011 FrancjaNietykalni
63%
6. Ocena 8,52 Rok 1994 USAForrest Gump
62%
8. Ocena 8,39 Rok 1974 USAOjciec Chrzestny II
51%
14. Ocena 8,26 Rok 2002 USA, Nowa Zelandia i Wielka BrytaniaWładca Pierścieni: dwie wieże
47%
10. Ocena 8,33 Rok 2003 USA i Nowa ZelandiaWładca Pierścieni: powrót króla
46%
11. Ocena 8,31 Rok 1994 USAPulp Fiction
39%
5. Ocena 8,54 Rok 1957 USA12 gniewnych ludzi
37%
7. Ocena 8,45 Rok 1975 USALot nad kukułczym gniazdem
37%
13. Ocena 8,27 Rok 1995 USASiedem
28%
12. Ocena 8,29 Rok 1997 WłochyŻycie jest piękne
28%
9. Ocena 8,33 Rok 1993 USALista Schindlera
27%
15. Ocena 8,25 Rok 1999 USAPodziemny krąg
26%

Rozkład punktacji

Percentyl według liczby udzielonych odpowiedzi

Procent ludzi z każdym wynikiem

Twoja historia wyników

Nie rozwiązałeś tego quizu